<?xml version="1.0" encoding="UTF-8"?>
<collection xmlns="http://www.loc.gov/MARC21/slim">
 <record>
  <leader>05858nam a22003137a 4500</leader>
  <controlfield tag="001">kal6022</controlfield>
  <controlfield tag="003">Gr-AtHEAL</controlfield>
  <controlfield tag="005">20160515213347.0</controlfield>
  <controlfield tag="008">160513b        gr ||||| |||| 00| 0 eng|c</controlfield>
  <datafield tag="020" ind1=" " ind2=" ">
   <subfield code="a">9789606034329</subfield>
  </datafield>
  <datafield tag="040" ind1=" " ind2=" ">
   <subfield code="a">GR-AtHEAL</subfield>
   <subfield code="b">gre</subfield>
   <subfield code="c">GR-AtHEAL</subfield>
  </datafield>
  <datafield tag="082" ind1="0" ind2="4">
   <subfield code="a">617.6</subfield>
   <subfield code="2">23</subfield>
  </datafield>
  <datafield tag="100" ind1="1" ind2=" ">
   <subfield code="a">Προμπονάς, Αντώνιος.</subfield>
   <subfield code="8">2874</subfield>
  </datafield>
  <datafield tag="245" ind1="1" ind2="0">
   <subfield code="a">Μεθοδολογία έρευνας στην οδοντική τεχνολογία</subfield>
   <subfield code="b">Μεθοδολογία-Πειραματικές διατάξεις - Στατιστική ανάλυση</subfield>
   <subfield code="c">Προμπονάς, Αντώνιος ;  Κριτικός αναγνώστης, Γαλιατσάτος Αριστειδης ;  Γραφιστική επιμέλεια, Θεοδωράκη, Αλεξάνδρα.</subfield>
  </datafield>
  <datafield tag="260" ind1=" " ind2=" ">
   <subfield code="a">Αθήνα :</subfield>
   <subfield code="b">Σύνδεσμος Ελληνικών Ακαδημαϊκών Βιβλιοθηκών,</subfield>
   <subfield code="c">c2015.</subfield>
  </datafield>
  <datafield tag="490" ind1=" " ind2=" ">
   <subfield code="a">Ακαδημαϊκά Ηλεκτρονικά Συγγράμματα και Βοηθήματα Κάλλιπος</subfield>
   <subfield code="8">40</subfield>
  </datafield>
  <datafield tag="505" ind1=" " ind2=" ">
   <subfield code="a">1. Επιστήμη-επιστήμονες/ερευνητές-γνώση2. Μοντέλα έρευνας3. Η εκκίνηση και η επιλογή του θέματος4. Κατηγορίες ερευνών - επιλογή μεθόδου5. Διερεύνηση βιβλιογραφίας6. Οργάνωση της έρευνας7. Συλλογή και ανάλυση των δεδομένων8. Συγγραφή-παρουσίαση αποτελεσμάτων9. Η ηθική στην έρευνα10. Η έρευνα στην οδοντική τεχνολογία11. Καταχώρηση και ανάλυση δεδομένων σε ειδικό στατιστικό λογισμικό (software)12. Διαξονική ταξινόμηση (Crosstabs)13. Παράδειγμα μικτής έρευνας στην οδοντική τεχνολογία14. Στατιστική αξιολόγηση δυο μέσων τιμών15. Στατιστική αξιολόγηση περισσοτέρων των δυο μέσων τιμών (Anova)16. Πειράματα πολλών ομάδων και παραγόντων με μη επαναλαμβανόμενες μετρήσεις17. Πειράματα με επαναλαμβανόμενες μετρήσεις επί των ίδιων δοκιμίων18. Anova με επαναλαμβανόμενες μετρήσεις εντός των ίδιων δοκιμίων και με δυο παράγοντες19. Mετρώντας τη στατιστική συσχέτιση</subfield>
  </datafield>
  <datafield tag="520" ind1=" " ind2=" ">
   <subfield code="a">Το βιβλίο πραγματεύεται το θέμα της μεθοδολογίας της έρευνας καταρχάς σε μία γενική βάση και κατά δεύτερο λόγο με μία εξειδίκευση στην επιστήμη της Οδοντικής Τεχνολογίας. Έτσι στα πρώτα κεφάλαια του βιβλίου αναφέρονται γενικές γνώσεις για την μεθοδολογίας της έρευνας και ειδικότερα αναλύονται θέματα όπως η εκίννηση και επιλογή του θέματος της μελέτης, η διερεύνηση της βιβλιογραφίας, η οργάνωση της κυρίως έρευνας (το χρονοδιάγραμμα, το πρωτόκολλο της έρευνας, η πιλοτική μελέτη -pilot study κ.α.), η συλλογή και ανάλυση των δεδομένων και τέλος η παρουσίαση των αποτελεσμάτων- συγγραφή. Στα τελευταία κεφάλαια γίνεται ειδική αναφορά σε θέματα μεθοδολογίας της έρευνας που αφορούν την Οδοντική Τεχνολογία, οπότε ότι αναφέρθηκε πριν εξιδικεύεται στην Οδοντική Τεχνολογία και επιπλέον αναφέρονται και οι μέθοδοι μελέτης της μηχανικής συμπεριφοράς των οδοντοπροσθετικών εργασιών, οι οποίες λόγω σχήματος και συνθηκών φόρτισης αποτελούν ιδιαίτερες μηχανικές κατασκευές, που κυρίως ενδιαφέρουν τους οδοντικούς τεχνολόγους. Τέλος παρουσιάζονται παραδείγματα ανάλυσης δεδομένων σε περιπτώσεις υποθετικών πειραματικών εργασιών της Οδοντικής Τεχνολογίας, επί πραγματικών συνθηκών σε στατιστικό πρόγραμμα (ειδικό λογισμικό), για καλύτερη εξοικείωση του φοιτητή της Οδοντικής Τεχνολογίας με τη δύσκολη διαδικασία της στατιστικής αξιολόγησης των δεδομένων.</subfield>
  </datafield>
  <datafield tag="650" ind1=" " ind2="0">
   <subfield code="a">Dentistry</subfield>
   <subfield code="v">Research</subfield>
   <subfield code="x">Methodology</subfield>
   <subfield code="8">2959</subfield>
  </datafield>
  <datafield tag="653" ind1=" " ind2=" ">
   <subfield code="a">Mεθοδολογία έρευνας</subfield>
  </datafield>
  <datafield tag="653" ind1=" " ind2=" ">
   <subfield code="a">Oδοντική τεχνολογία</subfield>
  </datafield>
  <datafield tag="653" ind1=" " ind2=" ">
   <subfield code="a">Πειραματικές διατάξεις</subfield>
  </datafield>
  <datafield tag="653" ind1=" " ind2=" ">
   <subfield code="a">Στατιστική ανάλυση</subfield>
  </datafield>
  <datafield tag="700" ind1=" " ind2=" ">
   <subfield code="a">Γαλιαστάτος, Αριστείδης</subfield>
   <subfield code="e">Κριτικός Αναγνώστης</subfield>
   <subfield code="8">2876</subfield>
  </datafield>
  <datafield tag="856" ind1=" " ind2=" ">
   <subfield code="u">http://hdl.handle.net/11419/6022</subfield>
   <subfield code="z">Πλήρες Κείμενο - Full text</subfield>
  </datafield>
  <datafield tag="907" ind1=" " ind2=" ">
   <subfield code="a">.b25681564</subfield>
   <subfield code="b">25-06-18</subfield>
   <subfield code="c">29-07-16</subfield>
  </datafield>
  <datafield tag="949" ind1=" " ind2=" ">
   <subfield code="0">0</subfield>
   <subfield code="1">0</subfield>
   <subfield code="2">ddc</subfield>
   <subfield code="4">0</subfield>
   <subfield code="6">617_600000000000000_ΠΡΟ</subfield>
   <subfield code="7">0</subfield>
   <subfield code="8">KALL</subfield>
   <subfield code="8">918</subfield>
   <subfield code="d">2016-05-13</subfield>
   <subfield code="r">2016-05-13</subfield>
   <subfield code="w">2016-05-13</subfield>
   <subfield code="z">617.6 ΠΡΟ</subfield>
   <subfield code="o">SEAB KALLIPOS</subfield>
  </datafield>
  <datafield tag="998" ind1=" " ind2=" ">
   <subfield code="a">80</subfield>
   <subfield code="a">01</subfield>
   <subfield code="a">02</subfield>
   <subfield code="a">03</subfield>
   <subfield code="a">04</subfield>
   <subfield code="a">05</subfield>
   <subfield code="a">06</subfield>
   <subfield code="a">07</subfield>
   <subfield code="a">08</subfield>
   <subfield code="a">09</subfield>
   <subfield code="a">10</subfield>
   <subfield code="a">11</subfield>
   <subfield code="a">12</subfield>
   <subfield code="a">13</subfield>
   <subfield code="a">14</subfield>
   <subfield code="a">15</subfield>
   <subfield code="a">16</subfield>
   <subfield code="a">17</subfield>
   <subfield code="a">18</subfield>
   <subfield code="a">19</subfield>
   <subfield code="a">20</subfield>
   <subfield code="a">21</subfield>
   <subfield code="a">22</subfield>
   <subfield code="a">23</subfield>
   <subfield code="a">24</subfield>
   <subfield code="a">25</subfield>
   <subfield code="a">26</subfield>
   <subfield code="b">29-05-17</subfield>
   <subfield code="c">m</subfield>
   <subfield code="d">z  </subfield>
   <subfield code="e">-</subfield>
   <subfield code="f">gre</subfield>
   <subfield code="g">gr </subfield>
   <subfield code="h">0</subfield>
  </datafield>
  <datafield tag="942" ind1=" " ind2=" ">
   <subfield code="2">ddc</subfield>
   <subfield code="c">KALLIPOS</subfield>
  </datafield>
 </record>
</collection>
